000 00443nam a2200181Ia 4500
008 240925s9999 xx 000 0 und d
020 _aNA
082 _a215 BUC
100 _aBucaille, Maurice
245 4 _aThe Bible The Quran and Science
250 _aNA
260 _aKarachi:
_bSadiq print
_c,1995.
300 _axi,161p.
_bNA
_fOriginal
500 _aNA
600 _aHumanities & Natural Science
650 _aReligion
942 _cBK
999 _c2988
_d2988